| 000 | 00000nam 2200000zi 4500 |
| 001 | 9.932100 |
| 003 | CaOODSP |
| 005 | 20240201150314 |
| 006 | m o d f |
| 007 | cr |n||||||||| |
| 008 | 240105e202401 onc o f100 0 eng d |
| 020 | |a9780660694900 |
| 040 | |aCaOODSP|beng|erda|cCaOODSP |
| 043 | |an-cn-bc |
| 086 | 1 |aFs70-4/2024-003E-PDF |
| 245 | 00|aProceedings of the Pacific regional peer review on the application of the management procedure framework for outside quillback rockfish in British Columbia in 2021, May 29-30, 2023, virtual meeting / |cchairperson: Ben Davis; editors: Yvonne Muirhead-Vert and Olivia Gemmell. |
| 264 | 1|aOttawa ON : |bCanadian Science Advisory Secretariat (CSAS), |cJanuary 2024. |
| 264 | 4|c©2024 |
| 300 | |a1 online resource (iv, 26 pages). |
| 336 | |atext|btxt|2rdacontent |
| 337 | |acomputer|bc|2rdamedia |
| 338 | |aonline resource|bcr|2rdacarrier |
| 490 | 1 |aProceedings series, |x1701-1280 ; |v2024/003 |
| 500 | |aIssued also in French under title: Compte rendu de l'examen par les pairs de la région du Pacifique sur l'application du cadre des procédures de gestion du sébaste à dos épineux externe en Colombie-Britannique en 2021 du 29 au 30 mai 2023, réunion virtuelle. |
| 504 | |aIncludes bibliographical references. |
| 650 | 0|aQuillback rockfish|xConservation|zBritish Columbia|xPacific Coast|vCongresses. |
| 650 | 0|aSebastes fisheries|zBritish Columbia|zPacific Coast|xManagement|vCongresses. |
| 655 | 7|aConference papers and proceedings|2lcgft |
| 700 | 1 |aDavis, Ben. |
| 710 | 2 |aCanadian Science Advisory Secretariat, |eissuing body. |
| 710 | 1 |aCanada. |bDepartment of Fisheries and Oceans. |bPacific Region, |eissuing body. |
| 775 | 08|tCompte rendu de l'examen par les pairs de la région du Pacifique sur l'application du cadre des procédures de gestion du sébaste à dos épineux externe en Colombie-Britannique en 2021 du 29 au 30 mai 2023, réunion virtuelle / |w(CaOODSP)9.932101 |
| 830 | #0|aProceedings series (Canadian Science Advisory Secretariat)|v2024/003.|w(CaOODSP)9.506483 |
| 856 | 40|qPDF|s433 KB|uhttps://publications.gc.ca/collections/collection_2024/mpo-dfo/fs70-4/Fs70-4-2024-003-eng.pdf |